| 000 | 01180cpcaa2200301 a 4500 | ||
|---|---|---|---|
| 001 | mm 80073114 | ||
| 003 | DLC | ||
| 005 | 20260227111705.0 | ||
| 008 | 801216|||||||||||| eng | ||
| 010 | _amm 80073114 | ||
| 040 |
_aDLC _cDLC _dDLC _edacs |
||
| 072 | 7 |
_aF _2lcmd |
|
| 100 | 1 |
_aLygon, Frederick, _cEarl Beauchamp, _d1830-1891. |
|
| 245 | 0 | 0 |
_aFrederick Lygon, Earl of Beauchamp, papers, _f1676. |
| 300 |
_a4 _fitems. |
||
| 300 |
_a1 _fcontainer. |
||
| 300 |
_a0.4 _flinear feet. |
||
| 506 | 0 | _aOpen to research. | |
| 520 | 8 | _aSelections relating to the Corbin family of Virginia. | |
| 533 |
_aPhotostats of originals at Madresfield Court (Great Malvern, Worcestershire, England). _b[S.l.]. |
||
| 535 | 1 | _aGreat Britain: Madresfield Court, Great Malvern, Worcestershire | |
| 545 | 0 | _aBritish public official. | |
| 555 | 8 | _aFinding aid available in the Library of Congress Manuscript Reading Room. | |
| 600 | 3 | 0 | _aCorbin family. |
| 651 | 0 |
_aVirginia _xSocial life and customs. |
|
| 656 | 7 |
_aPublic officials _zGreat Britain. _2itoamc |
|
| 999 |
_c42932 _d42932 |
||